Normal view
MARC view
Entry Personal Name
001 - CONTROL NUMBER
- control field: 3360
003 - CONTROL NUMBER IDENTIFIER
- control field: TZ-ArACH
005 - DATE AND TIME OF LATEST TRANSACTION
- control field: 20111024161617.0
008 - FIXED-LENGTH DATA ELEMENTS
- fixed length control field: 111024|||a|||||| | ||| d
040 ## - CATALOGING SOURCE
- Original cataloging agency: TZ-ArACH
- Transcribing agency: TZ-ArACH
100 ## - HEADING--PERSONAL NAME
- Personal name: Wolfrum, Rüdiger.
670 ## - SOURCE DATA FOUND
- Source citation: Work cat.: (TZ-ArACH)1428: Max Planck yearbook of United Nations law, Vol. 13, 2009 Vol. 13, 2009 /, 2009.
670 ## - SOURCE DATA FOUND
- Source citation: Work cat.: (TZ-ArACH)1428: Max Planck yearbook of United Nations law, Vol. 13, 2009 Vol. 13, 2009 /, 2009.
